000
00302nam a22001217a 4500
020
_a
9789350301975
082
_a
631.56
_b
SIM/PO
100
_a
Simson,sharon Pastor
_9
846
245
_a
Post Harvest Technology and Management
260
_a
Jaipur
_b
Oxford Book Company
_c
2014
300
_a
236
942
_c
BK
999
_c
14494
_d
14494